Statistiken für Alle Formel 1 Strecken mit Bild

Klicken Sie hier um das Quiz zu spielen!

Allgemein

  • Dieses Quiz wurde 127 mal gespielt
  • Das Durchschnittsergebnis liegt bei 15 aus 24

Antwortstatistiken

Antwort% Korrekt
Monza
82%
Japan
77%
Monaco
75%
Belgien
74%
Bahrain
73%
China
73%
Aserbaidschan
71%
Saudi Arabien
70%
Spanien
69%
Las Vegas
68%
Österreich
68%
Singapur
62%
Ungarn
62%
Katar
61%
Brasilien
57%
Australien
56%
Mexiko
54%
USA
54%
Kanada
52%
Niederlande
52%
Miami
51%
Großbritannien
50%
Imola
40%
Saudi Arabien
8%

Verteilung der Resultate

Perzentil nach korrekt beantworteten Fragen

Anzahl Personen mit jedem Resultat

Ihre Resultats-Entwicklung

Sie haben dieses Quiz noch nicht gespielt